Ballad of kaziranga/ (Record no. 158783)

MARC details
000 -LEADER
fixed length control field 00698nam a22002177a 4500
005 - DATE AND TIME OF LATEST TRANSACTION
control field 20181114124513.0
010 ## - LCCN (DPL NO)
LC control number ENG-124511
020 ## - INTERNATIONAL STANDARD BOOK NUMBER
International Standard Book Number 9789385285882
Terms of availability 450.00
035 ## - SYSTEM CONTROL NUMBER
System control number EN-108043
037 ## - SOURCE OF ACQUISITION
Source of stock number/acquisition DBAD/PUB
082 ## - DEWEY DECIMAL CLASSIFICATION NUMBER
Classification number N
100 ## - MAIN ENTRY--PERSONAL NAME
Personal name Dileep Chandan
245 ## - TITLE STATEMENT
Title Ballad of kaziranga/
Statement of responsibility, etc by Dileep Chandan; translated by Parbina Rashid; ed. by Manali Das
260 ## - PUBLICATION, DISTRIBUTION, ETC. (IMPRINT)
Place of publication, distribution, etc New Delhi
Name of publisher, distributor, etc Niyogi Books
Date of publication, distribution, etc 2018
270 ## - ADDRESS
Address Block D, Building No. 77, Okhla Industrial Area, Phase-I
City New Delhi
Postal code 110020
300 ## - PHYSICAL DESCRIPTION
Extent 300p.
Dimensions 21cm.(pbk)
500 ## - GENERAL NOTE
General note It includes about the author and about the translator
700 ## - ADDED ENTRY--PERSONAL NAME
Personal name Rashid, Parbina
700 ## - ADDED ENTRY--PERSONAL NAME
Personal name Das, Manali
942 ## - ADDED ENTRY ELEMENTS (KOHA)
Source of classification or shelving scheme Dewey Decimal Classification
Item type English Books
Call number suffix DIL
Classification part N
Holdings
Withdrawn status Lost status Not for loan Collection code Home library Current library Date acquired Source of acquisition Cost, normal purchase price Full call number Barcode Copy number Cost, replacement price Koha item type
    Not For Loan Fiction D.B.Act.Division Bawana 14/11/2018 DBAD/PUB 450.00 N DIL DBAD/PUB 1 450.00 English Books

© Delhi Public Library
Hit Counter
free hit counter